[Event "POL-chT blind"]
[Site "Wagrowiec"]
[Date "2017.10.15"]
[Round "2.14"]
[White "Pawelec, Bartosz"]
[Black "Jagiela, Andrzej"]
[Result "1/2-1/2"]
[WhiteElo "1974"]
[BlackElo "1661"]
[PlyCount "87"]
[EventDate "2017.10.14"]
[EventType "team-tourn"]
[EventRounds "9"]
[EventCountry "POL"]
[SourceTitle "EXT 2019"]
[Source "ChessBase"]
[SourceDate "2018.10.10"]
[SourceVersion "1"]
[SourceVersionDate "2018.10.10"]
[SourceQuality "1"]

1. e4 d5 2. exd5 Nf6 3. d4 Nxd5 4. Nf3 Bg4 5. h3 Bh5 6. c3 c6 7. Bc4 e6 8. Nbd2 Be7 9. Ne4 Nf6 10. Ng3 Bxf3 11. Qxf3 0-0 12. h4 Nbd7 13. h5 Nd5 14. Ne4 N5f6 15. h6 g6 16. Ng5 Nd5 17. Nh3 Rc8 18. Bd2 a6 19. Kf1 b5 20. Bb3 N7b6 21. Nf4 Nxf4 22. Bxf4 Nd7 23. Re1 Bg5 24. Rh3 Bxf4 25. Qxf4 Qc7 26. Qf3 Qd8 27. Re4 Qg5 28. Rf4 Qe7 29. Rg3 Nb6 30. Rfg4 Nd5 31. Bc2 Kh8 32. Qe2 Qd6 33. Rf3 Kg8 34. Kg1 Qc7 35. Bb3 Qd6 36. Re4 Nb6 37. Rg3 Nd7 38. Qf3 Rce8 39. Qe2 Nf6 40. Re5 Nd7 41. Ree3 Nf6 42. Rg5 Nd7 43. Rg4 Nf6 44. Rh4 1/2-1/2

[Event "Suwalki Warakomska Memorial-B 1st"]
[Site "Suwalki"]
[Date "2017.08.14"]
[Round "5"]
[White "Pawelec, Bartosz"]
[Black "Ziemski, Jaroslaw"]
[Result "1-0"]
[WhiteElo "2050"]
[BlackElo "1668"]
[PlyCount "95"]
[EventDate "2017.08.11"]
[EventType "swiss"]
[EventRounds "9"]
[EventCountry "POL"]
[SourceTitle "CBM 180 Extra"]
[Source "ChessBase"]
[SourceDate "2017.10.06"]
[SourceVersion "1"]
[SourceVersionDate "2017.10.06"]
[SourceQuality "1"]

1. e4 e5 2. Nf3 Nc6 3. Bc4 Nf6 4. d3 Be7 5. 0-0 0-0 6. Re1 d6 7. h3 Na5 8. Nc3 Nxc4 9. dxc4 Be6 10. b3 c6 11. Bb2 h6 12. c5 d5 13. exd5 Nxd5 14. Ne4 f5 15. Nd6 Bxd6 16. cxd6 e4 17. Qd4 Qf6 18. Qxf6 Nxf6 19. Nd4 Rfe8 20. c4 c5 21. Nb5 Rad8 22. Nc7 Kf7 23. Nxe8 Nxe8 24. Be5 g5 25. Rad1 Bd7 26. Rd2 Ke6 27. Bh2 Bc6 28. f3 Nxd6 29. fxe4 Bxe4 30. g4 Nf7 31. gxf5+ Kxf5 32. Rf2+ Kg6 33. Rxe4 Rd1+ 34. Kg2 Rd7 35. Re6+ Kg7 36. Rfe2 h5 37. Re7 Rd3 38. Rxb7 Kg6 39. Rxa7 g4 40. hxg4 hxg4 41. Bf4 Rf3 42. Bd2 Rd3 43. Rc7 Nd6 44. Rc6 Kf5 45. Rxc5+ Kf6 46. Rc6 Kf5 47. Rc5+ Kf6 48. Rd5 1-0

[Event "Suwalki Warakomska Memorial-B 1st"]
[Site "Suwalki"]
[Date "2017.08.13"]
[Round "3"]
[White "Pawelec, Bartosz"]
[Black "Kalejta, Arkadiusz"]
[Result "1/2-1/2"]
[WhiteElo "2050"]
[BlackElo "1677"]
[PlyCount "57"]
[EventDate "2017.08.11"]
[EventType "swiss"]
[EventRounds "9"]
[EventCountry "POL"]
[SourceTitle "CBM 180 Extra"]
[Source "ChessBase"]
[SourceDate "2017.10.06"]
[SourceVersion "1"]
[SourceVersionDate "2017.10.06"]
[SourceQuality "1"]

1. d4 d5 2. Bg5 Nf6 3. e3 Ne4 4. Bf4 c5 5. f3 Nf6 6. Nc3 a6 7. Bxb8 Rxb8 8. dxc5 e5 9. Na4 Qa5+ 10. c3 Bd7 11. Nb6 Qxc5 12. Nxd7 Nxd7 13. Qd2 Be7 14. Bd3 0-0 15. Ne2 f5 16. f4 Rbe8 17. 0-0-0 Nb6 18. h4 Kh8 19. fxe5 Bd8 20. Nd4 Rxe5 21. Rdf1 Nc4 22. Bxc4 dxc4 23. Rf3 Bb6 24. Rhf1 h6 25. g4 Qe7 26. Nxf5 Rfxf5 27. gxf5 Bxe3 28. Rxe3 Rxe3 29. Qf2 1/2-1/2

[Event "IBCA EU-chT blind 01st"]
[Site "Warsaw"]
[Date "2016.07.24"]
[Round "1.1"]
[White "Pawelec, Bartosz"]
[Black "Babarykin, Stanislav"]
[Result "0-1"]
[WhiteElo "2116"]
[BlackElo "2372"]
[PlyCount "81"]
[EventDate "2016.07.24"]
[EventType "team-swiss"]
[EventRounds "9"]
[EventCountry "POL"]
[SourceTitle "CBM 173 Extra"]
[Source "ChessBase"]
[SourceDate "2016.08.29"]
[SourceVersion "1"]
[SourceVersionDate "2016.08.29"]
[SourceQuality "1"]
[WhiteTeam "Poland II"]
[BlackTeam "Russia"]
[WhiteTeamCountry "POL"]
[BlackTeamCountry "RUS"]

1. e4 e5 2. Nf3 Nc6 3. Bc4 Nf6 4. Ng5 d5 5. exd5 Na5 6. Bb5+ c6 7. dxc6 bxc6 8. Bd3 Ng4 9. h4 Bc5 10. Ne4 Bb6 11. f3 f5 12. fxg4 fxe4 13. Bxe4 0-0 14. Qe2 Rf2 15. Qd3 Qxd3 16. cxd3 Bxg4 17. Nc3 Raf8 18. b4 Bd4 19. Bf3 Bxf3 20. gxf3 Nb7 21. Bb2 R2xf3 22. 0-0-0 Rxd3 23. Kc2 Rff3 24. Rde1 Nd6 25. Na4 Nc4 26. Re2 Nxb2 27. Nxb2 Ra3 28. Kb1 Rh3 29. Rxh3 Rxh3 30. Re4 Kf7 31. Nc4 Ke6 32. Kc2 Kd5 33. d3 h5 34. a4 Rg3 35. Kd2 Rg2+ 36. Kd1 Ra2 37. Ke1 Rxa4 38. Kd1 Rxb4 39. Ne3+ Kd6 40. Nc2 Rb5 41. Nxd4 0-1

[Event "POL-ch blind"]
[Site "Wagrowiec"]
[Date "2016.06.02"]
[Round "7"]
[White "Falkowski, Dawid"]
[Black "Pawelec, Bartosz"]
[Result "0-1"]
[WhiteElo "2059"]
[BlackElo "2115"]
[PlyCount "47"]
[EventDate "2016.05.28"]
[EventType "tourn"]
[EventRounds "11"]
[EventCountry "POL"]
[SourceTitle "EXT 2018"]
[Source "ChessBase"]
[SourceDate "2017.10.13"]
[SourceVersion "1"]
[SourceVersionDate "2017.10.13"]
[SourceQuality "1"]

1. e4 e6 2. d4 d5 3. Nc3 dxe4 4. Nxe4 Nd7 5. Bd3 Ngf6 6. c3 Nxe4 7. Bxe4 Nf6 8. Bc2 c5 9. Nf3 Bd7 10. 0-0 Qc7 11. Ne5 Bd6 12. Re1 cxd4 13. Qxd4 Rd8 14. Ng4 Nxg4 15. Qxg4 Bxh2+ 16. Kh1 Be5 17. Bg5 f6 18. f4 Bd6 19. Qh5+ Kf8 20. f5 Be8 21. Qf3 fxg5 22. fxe6+ Kg8 23. e7 Bf7 24. e8Q+ 0-1

[Event "POL-ch blind"]
[Site "Wagrowiec"]
[Date "2016.05.30"]
[Round "4"]
[White "Pawelec, Bartosz"]
[Black "Debowska, Teresa"]
[Result "1-0"]
[WhiteElo "2115"]
[BlackElo "1820"]
[PlyCount "69"]
[EventDate "2016.05.28"]
[EventType "tourn"]
[EventRounds "11"]
[EventCountry "POL"]
[SourceTitle "EXT 2018"]
[Source "ChessBase"]
[SourceDate "2017.10.13"]
[SourceVersion "1"]
[SourceVersionDate "2017.10.13"]
[SourceQuality "1"]

1. e4 c5 2. c3 d5 3. exd5 Qxd5 4. d4 Nf6 5. Nf3 e6 6. Na3 Qd8 7. Bf4 Nc6 8. dxc5 Qxd1+ 9. Rxd1 Bxc5 10. Nb5 Nd5 11. Rxd5 exd5 12. Nc7+ Kd7 13. Nxa8 Bd6 14. Be3 Re8 15. Bb5 Ke7 16. Bxa7 Bg4 17. Nb6 Kd8+ 18. Kd1 Bc5 19. Nc8 Nxa7 20. Bxe8 Kxe8 21. Nxa7 Bxa7 22. Ke2 d4 23. h3 Bxf3+ 24. Kxf3 dxc3 25. bxc3 Bc5 26. Ke2 Kd7 27. Kd3 Kc6 28. f4 g6 29. f5 f6 30. fxg6 hxg6 31. h4 Bd6 32. g4 Bf8 33. h5 gxh5 34. gxh5 Bh6 35. Rg1 1-0

[Event "POL-ch blind"]
[Site "Wagrowiec"]
[Date "2016.05.30"]
[Round "3"]
[White "Stachanczyk, Jacek"]
[Black "Pawelec, Bartosz"]
[Result "1-0"]
[WhiteElo "2202"]
[BlackElo "2115"]
[PlyCount "57"]
[EventDate "2016.05.28"]
[EventType "tourn"]
[EventRounds "11"]
[EventCountry "POL"]
[SourceTitle "EXT 2018"]
[Source "ChessBase"]
[SourceDate "2017.10.13"]
[SourceVersion "1"]
[SourceVersionDate "2017.10.13"]
[SourceQuality "1"]

1. c4 Nf6 2. g3 d5 3. cxd5 Nxd5 4. Bg2 e5 5. Nc3 Nb6 6. Nf3 Nc6 7. 0-0 Be7 8. a3 a5 9. d3 0-0 10. Be3 Nd5 11. Nxd5 Qxd5 12. Nd4 Qd6 13. Nxc6 bxc6 14. Qc2 Bd7 15. Rfd1 Rab8 16. d4 Be6 17. Rd2 Bd5 18. dxe5 Qxe5 19. Bf4 Qe6 20. Bxc7 Rb5 21. Bxd5 cxd5 22. Qa4 Rc5 23. Bxa5 Ra8 24. b4 Rc4 25. Rad1 h5 26. Qb5 Bg5 27. Qxd5 Rxa5 28. Qxa5 Bxd2 29. Qd8+ 1-0

[Event "POL-ch blind"]
[Site "Wagrowiec"]
[Date "2016.05.28"]
[Round "1"]
[White "Zoltek, Tadeusz"]
[Black "Pawelec, Bartosz"]
[Result "1/2-1/2"]
[WhiteElo "2100"]
[BlackElo "2115"]
[PlyCount "70"]
[EventDate "2016.05.28"]
[EventType "tourn"]
[EventRounds "11"]
[EventCountry "POL"]
[SourceTitle "EXT 2018"]
[Source "ChessBase"]
[SourceDate "2017.10.13"]
[SourceVersion "1"]
[SourceVersionDate "2017.10.13"]
[SourceQuality "1"]

1. Nf3 d5 2. d4 Nf6 3. c4 e6 4. Nc3 Bb4 5. cxd5 exd5 6. Bg5 c5 7. dxc5 Qa5 8. Bxf6 gxf6 9. e3 Bxc3+ 10. bxc3 Qxc3+ 11. Nd2 Bg4 12. Rc1 Qa3 13. Qc2 Nc6 14. Bb5 Bf5 15. Qc3 Qxc3 16. Rxc3 Rg8 17. g3 0-0-0 18. Bxc6 bxc6 19. Nb3 Be4 20. 0-0 Kc7 21. f3 Bf5 22. Nd4 Bd7 23. Rb1 Rb8 24. Rcb3 Rxb3 25. Rxb3 Rb8 26. Rxb8 Kxb8 27. Kf2 Kb7 28. Ke2 Ka6 29. Kd3 Ka5 30. Kc3 Ka4 31. g4 Ka3 32. h4 a5 33. Nb3 a4 34. Nc1 Be6 35. Nd3 Bc8 1/2-1/2

[Event "Bydgoszcz blind op 43rd"]
[Site "Bydgoszcz"]
[Date "2014.03.18"]
[Round "6.4"]
[White "Zoltek, Tadeusz"]
[Black "Pawelec, Bartosz"]
[Result "1-0"]
[WhiteElo "2154"]
[BlackElo "2023"]
[PlyCount "117"]
[EventDate "2014.03.13"]
[EventType "swiss"]
[EventRounds "11"]
[EventCountry "POL"]
[SourceTitle "EXT 2023"]
[Source "ChessBase"]
[SourceDate "2022.10.05"]
[SourceVersion "1"]
[SourceVersionDate "2022.10.05"]
[SourceQuality "1"]

1. Nf3 Nf6 2. g3 b6 3. Bg2 Bb7 4. 0-0 c5 5. c4 e6 6. Nc3 Nc6 7. d4 d5 8. cxd5 Nxd5 9. Nxd5 exd5 10. dxc5 bxc5 11. Ng5 Be7 12. Qxd5 0-0 13. Qxd8 Rfxd8 14. Be3 h6 15. Ne4 Nd4 16. Bxd4 Rxd4 17. Nc3 Bxg2 18. Kxg2 Rd2 19. Rab1 Rb8 20. b3 Bf6 21. Ne4 Rxa2 22. Nxf6+ gxf6 23. e3 Ra3 24. Rfc1 Raxb3 25. Ra1 Rc8 26. Rxa7 c4 27. Rd7 Kf8 28. Rd4 Rb4 29. Rc2 Rc5 30. Rh4 h5 31. h3 Ke7 32. Rd4 Ke6 33. g4 hxg4 34. hxg4 f5 35. g5 f6 36. g6 Rc7 37. Rh4 Rg7 38. Rh6 Kd5 39. Kf3 Ke5 40. Rc1 Ra4 41. Rg1 Raa7 42. Rh8 Rac7 43. Re8+ Kd6 44. Kf4 Rc5 45. Rd8+ Ke6 46. Re8+ Kd7 47. Ra8 Ke6 48. Ra6+ Ke7 49. Rh1 Rc7 50. Rh7 Rxh7 51. gxh7 Rc8 52. Kxf5 c3 53. Ra7+ Kd6 54. Kxf6 c2 55. Ra1 Kd5 56. Rc1 Rc6+ 57. Kf5 Rh6 58. Rxc2 Rxh7 59. Rd2+ 1-0

[Event "POL-chT blind Gp A"]
[Site "Mielno"]
[Date "2013.12.11"]
[Round "7.11"]
[White "Pawelec, Bartosz"]
[Black "Stachanczyk, Jacek"]
[Result "0-1"]
[WhiteElo "2027"]
[BlackElo "2261"]
[PlyCount "114"]
[EventDate "2013.12.06"]
[EventType "team-tourn"]
[EventRounds "10"]
[EventCountry "POL"]
[SourceTitle "EXT 2019"]
[Source "ChessBase"]
[SourceDate "2018.10.10"]
[SourceVersion "1"]
[SourceVersionDate "2018.10.10"]
[SourceQuality "1"]

1. d4 d5 2. c4 c6 3. cxd5 cxd5 4. Nc3 Nf6 5. Bf4 Nc6 6. Nf3 Bf5 7. e3 e6 8. Bd3 Bxd3 9. Qxd3 a6 10. 0-0 Be7 11. Rac1 Rc8 12. Nd2 Nd7 13. f3 Nb6 14. Nb3 Nc4 15. Rf2 b5 16. a4 Qb6 17. axb5 axb5 18. Ra1 0-0 19. Nc1 Ra8 20. Rxa8 Rxa8 21. b3 Na3 22. Rb2 Nb4 23. Qd1 Rc8 24. N1a2 Nxa2 25. Nxa2 Qc6 26. Kf2 f6 27. h4 b4 28. Qd2 Qb5 29. Qe2 Qb6 30. Qd2 Qa5 31. Nc1 Rc6 32. e4 Qb5 33. Na2 Qb6 34. Be3 Qa5 35. Nc1 dxe4 36. fxe4 Qh5 37. g3 Qg4 38. d5 exd5 39. exd5 Qf5+ 40. Kg1 Rc3 41. Bf2 Bd6 42. Ne2 Rd3 43. Qe1 h5 44. Rd2 Rxd5 45. Rxd5 Qxd5 46. Nd4 Kf7 47. Qe2 Nb1 48. Qf3 Qxf3 49. Nxf3 Ke6 50. Kf1 Kf5 51. Ke2 Nc3+ 52. Kd3 Kg4 53. Nd4 Bxg3 54. Bxg3 Kxg3 55. Nf5+ Kg4 56. Nxg7 Kxh4 57. Kc4 Na2 0-1

[Event "Krynica-ch sf blind"]
[Site "Krynica"]
[Date "2013.03.14"]
[Round "1.2"]
[White "Pawelec, Bartosz"]
[Black "Sargalski, Andrzej"]
[Result "1/2-1/2"]
[WhiteElo "2040"]
[BlackElo "1893"]
[PlyCount "52"]
[EventDate "2013.03.14"]
[EventType "swiss"]
[EventRounds "9"]
[EventCountry "POL"]
[SourceTitle "EXT 2023"]
[Source "ChessBase"]
[SourceDate "2022.10.05"]
[SourceVersion "1"]
[SourceVersionDate "2022.10.05"]
[SourceQuality "1"]

1. d4 d5 2. Nc3 Nf6 3. f3 e6 4. e4 dxe4 5. fxe4 Bb4 6. Bd3 Nxe4 7. Nge2 Nxc3 8. bxc3 Bd6 9. 0-0 Nd7 10. Nf4 Nf6 11. Nh5 Nxh5 12. Qxh5 g6 13. Qh6 Bf8 14. Qf4 Qd7 15. Qe5 Rg8 16. Bg5 Bg7 17. Bf6 Bxf6 18. Rxf6 c6 19. Raf1 Rf8 20. Qf4 Qe7 21. Qh6 Bd7 22. Qxh7 0-0-0 23. Rxf7 Rxf7 24. Rxf7 Qa3 25. Qxg6 Qxa2 26. Qg7 Qa1+ 1/2-1/2

[Event "Krynica-ch sf blind"]
[Site "Krynica"]
[Date "2013.03.14"]
[Round "7.2"]
[White "Pawelec, Bartosz"]
[Black "Wolanski, Michal"]
[Result "1/2-1/2"]
[WhiteElo "2040"]
[BlackElo "1961"]
[PlyCount "20"]
[EventDate "2013.03.14"]
[EventType "swiss"]
[EventRounds "9"]
[EventCountry "POL"]
[SourceTitle "EXT 2023"]
[Source "ChessBase"]
[SourceDate "2022.10.05"]
[SourceVersion "1"]
[SourceVersionDate "2022.10.05"]
[SourceQuality "1"]

1. e4 c5 2. c3 d5 3. exd5 Qxd5 4. d4 Nf6 5. Nf3 Bg4 6. Qa4+ Bd7 7. Qb3 Qxb3 8. axb3 cxd4 9. Nxd4 Nc6 10. Nxc6 Bxc6 1/2-1/2